[Event "Frankfurt-chB"]
[Site "Frankfurt"]
[Date "2019.06.17"]
[Round "7"]
[White "Lassek, Bjarne"]
[Black "Goodwin, David"]
[Result "1-0"]
[WhiteElo "1194"]
[BlackElo "1434"]
[PlyCount "63"]
[EventDate "2019.04.29"]
[EventType "swiss"]
[EventRounds "7"]
[EventCountry "GER"]
[SourceTitle "EXT 2020"]
[Source "ChessBase"]
[SourceDate "2019.10.17"]
[SourceVersion "1"]
[SourceVersionDate "2019.10.17"]
[SourceQuality "1"]

1. e4 g6 2. d4 Bg7 3. Nf3 d6 4. Bc4 e6 5. Bb3 a6 6. 0-0 Ne7 7. Be3 Nbc6 8. c3 0-0 9. Re1 Na5 10. Bc2 Nc4 11. Bc1 b5 12. Nbd2 Nb6 13. Nf1 Nd7 14. Ne3 c5 15. a4 Bb7 16. b3 Nf6 17. e5 dxe5 18. dxe5 Nfd5 19. Bb2 Qc7 20. Qd2 Bh6 21. Nxd5 Bxd5 22. Qxh6 Bxf3 23. gxf3 Kh8 24. Bc1 Ng8 25. Qh4 Qe7 26. Bg5 Qe8 27. Re4 f5 28. exf6 Ra7 29. Rae1 Raf7 30. Rxe6 Qa8 31. Be4 Qd8 32. Bxg6 1-0

[Event "Frankfurt-chB"]
[Site "Frankfurt"]
[Date "2019.05.06"]
[Round "2"]
[White "Lassek, Bjarne"]
[Black "Widmann, Dieter"]
[Result "1/2-1/2"]
[WhiteElo "1194"]
[BlackElo "1340"]
[PlyCount "27"]
[EventDate "2019.04.29"]
[EventType "swiss"]
[EventRounds "7"]
[EventCountry "GER"]
[SourceTitle "EXT 2020"]
[Source "ChessBase"]
[SourceDate "2019.10.17"]
[SourceVersion "1"]
[SourceVersionDate "2019.10.17"]
[SourceQuality "1"]

1. e4 d6 2. d4 Nf6 3. Bd3 g6 4. c4 e5 5. d5 Bg7 6. Nc3 Bg4 7. Nge2 Na6 8. a3 Nc5 9. Bc2 Bxe2 10. Qxe2 a5 11. h3 Nh5 12. Qf3 Qh4 13. g3 Qf6 14. Qxf6 1/2-1/2

[Event "Frankfurt-chB"]
[Site "Frankfurt"]
[Date "2019.04.30"]
[Round "1"]
[White "Ketting, Douwe"]
[Black "Lassek, Bjarne"]
[Result "1-0"]
[WhiteElo "1397"]
[BlackElo "1194"]
[PlyCount "29"]
[EventDate "2019.04.29"]
[EventType "swiss"]
[EventRounds "7"]
[EventCountry "GER"]
[SourceTitle "EXT 2020"]
[Source "ChessBase"]
[SourceDate "2019.10.17"]
[SourceVersion "1"]
[SourceVersionDate "2019.10.17"]
[SourceQuality "1"]

1. b4 e5 2. Bb2 Bxb4 3. Bxe5 d6 4. Bxg7 f6 5. Bxh8 Qe7 6. e3 Bf5 7. Qh5+ Bg6 8. Qb5+ Nc6 9. Qxb7 Nd4 10. Bb5+ Kf7 11. Qd5+ Ne6 12. Qxa8 Bxc2 13. Nf3 Nf4 14. 0-0 Be4 15. Qe8+ 1-0

[Event "Bad Soden U18 op 5th"]
[Site "Bad Soden"]
[Date "2018.10.02"]
[Round "6.5"]
[White "Hagner, Bennet"]
[Black "Lassek, Bjarne"]
[Result "1-0"]
[WhiteElo "1992"]
[BlackElo "1120"]
[PlyCount "79"]
[EventDate "2018.09.30"]
[EventType "swiss"]
[EventRounds "9"]
[EventCountry "GER"]
[SourceTitle "EXT 2020"]
[Source "ChessBase"]
[SourceDate "2019.10.17"]
[SourceVersion "1"]
[SourceVersionDate "2019.10.17"]
[SourceQuality "1"]

1. d4 Nf6 2. c4 e5 3. d5 Bc5 4. Nc3 0-0 5. e4 c6 6. Bg5 d6 7. Bd3 Bxf2+ 8. Kxf2 Ng4+ 9. Qxg4 Bxg4 10. Bxd8 Rxd8 11. h3 Bd7 12. Nf3 Na6 13. a3 Nc5 14. Bc2 f5 15. exf5 Rf8 16. b4 Na6 17. g4 cxd5 18. Nxd5 b5 19. Bb3 Kh8 20. Rac1 Rac8 21. h4 h5 22. Ne7 hxg4 23. Ng6+ Kh7 24. Ng5+ Kh6 25. Nxf8 Rxf8 26. Kg3 Rxf5 27. Rhf1 e4 28. Nf7+ Kh5 29. Rxf5+ Bxf5 30. cxb5 e3 31. bxa6 e2 32. Re1 g5 33. Nxg5 d5 34. Rxe2 d4 35. Re1 d3 36. Rc1 d2 37. Rc6 Bc2 38. Bf7+ Bg6 39. Rxg6 d1R 40. Rd6# 1-0

[Event "Frankfurt-chB"]
[Site "Frankfurt"]
[Date "2018.06.18"]
[Round "7"]
[White "Lassek, Bjarne"]
[Black "Hartwig, Horst"]
[Result "1-0"]
[WhiteElo "912"]
[BlackElo "1155"]
[PlyCount "69"]
[EventDate "2018.04.30"]
[EventType "swiss"]
[EventRounds "7"]
[EventCountry "GER"]
[SourceTitle "EXT 2019"]
[Source "ChessBase"]
[SourceDate "2018.10.10"]
[SourceVersion "1"]
[SourceVersionDate "2018.10.10"]
[SourceQuality "1"]

1. e4 e5 2. Nf3 Nc6 3. Bc4 h6 4. c3 Nf6 5. 0-0 Bc5 6. d4 exd4 7. cxd4 Be7 8. Nc3 d6 9. h3 Na5 10. Bd3 d5 11. Re1 dxe4 12. Nxe4 0-0 13. a3 Nc6 14. Bc2 Nxe4 15. Bxe4 Bg5 16. Nxg5 hxg5 17. d5 f5 18. Bc2 Nb8 19. Bb3 g6 20. Ba2 Kg7 21. Qe2 Kh6 22. h4 f4 23. g3 Qd7 24. hxg5+ Kg7 25. Qe5+ Kh7 26. Qe7+ Qxe7 27. Rxe7+ Kh8 28. b4 Rf5 29. d6 Nd7 30. Bb2+ Ne5 31. Bxe5+ Rxe5 32. Rxe5 cxd6 33. Rd5 Kg7 34. Re1 Be6 35. Rxe6 1-0

[Event "Frankfurt-chB"]
[Site "Frankfurt"]
[Date "2018.06.11"]
[Round "6"]
[White "Pessotschinski, Lars"]
[Black "Lassek, Bjarne"]
[Result "1-0"]
[WhiteElo "1251"]
[BlackElo "912"]
[PlyCount "69"]
[EventDate "2018.04.30"]
[EventType "swiss"]
[EventRounds "7"]
[EventCountry "GER"]
[SourceTitle "EXT 2019"]
[Source "ChessBase"]
[SourceDate "2018.10.10"]
[SourceVersion "1"]
[SourceVersionDate "2018.10.10"]
[SourceQuality "1"]

1. e4 e5 2. Nf3 Nc6 3. d4 exd4 4. Nxd4 Bc5 5. Nxc6 bxc6 6. Nc3 d6 7. Bc4 Nf6 8. 0-0 0-0 9. Bg5 h6 10. Bh4 Re8 11. Qf3 Bd4 12. Bxf6 Qxf6 13. Qxf6 Bxf6 14. Rfe1 Bb7 15. Re3 d5 16. exd5 Rxe3 17. fxe3 Bxc3 18. dxc6 Bxc6 19. bxc3 Rd8 20. Rf1 Bd5 21. Rd1 c6 22. e4 Rc8 23. exd5 cxd5 24. Bxd5 Rxc3 25. Be4 g6 26. Rd7 a5 27. Ra7 Rc4 28. Bd3 Ra4 29. Kf2 Kg7 30. c4 Rxa2+ 31. Kf3 Kf6 32. c5 Ke6 33. c6 Ra3 34. Ke4 Ra4+ 35. Ke3 1-0

[Event "Hessen-chC"]
[Site "Frankfurt"]
[Date "2018.05.11"]
[Round "3"]
[White "Bernath, Markus"]
[Black "Lassek, Bjarne"]
[Result "1-0"]
[WhiteElo "1224"]
[BlackElo "993"]
[PlyCount "47"]
[EventDate "2018.05.10"]
[EventType "swiss"]
[EventRounds "7"]
[EventCountry "GER"]
[SourceTitle "EXT 2019"]
[Source "ChessBase"]
[SourceDate "2018.10.10"]
[SourceVersion "1"]
[SourceVersionDate "2018.10.10"]
[SourceQuality "1"]

1. e4 e5 2. Nf3 Nc6 3. Bc4 Bc5 4. b4 Bxb4 5. c3 Ba5 6. 0-0 Nf6 7. d4 Nxe4 8. Re1 Nxc3 9. Nxe5 0-0 10. Nxf7 Rxf7 11. Bxf7+ Kxf7 12. Nxc3 Qf6 13. Qh5+ Qg6 14. Qd5+ Kf8 15. Ba3+ d6 16. Re3 Bb4 17. Rf3+ Ke8 18. Re1+ Kd7 19. Bxb4 Nxb4 20. Qb5+ Nc6 21. d5 a6 22. dxc6+ Kd8 23. Rf8+ Qe8 24. Rfxe8# 1-0

[Event "Frankfurt-chB"]
[Site "Frankfurt"]
[Date "2018.05.07"]
[Round "2"]
[White "Schaefer, Dieter"]
[Black "Lassek, Bjarne"]
[Result "1/2-1/2"]
[WhiteElo "1283"]
[BlackElo "912"]
[PlyCount "48"]
[EventDate "2018.04.30"]
[EventType "swiss"]
[EventRounds "7"]
[EventCountry "GER"]
[SourceTitle "EXT 2019"]
[Source "ChessBase"]
[SourceDate "2018.10.10"]
[SourceVersion "1"]
[SourceVersionDate "2018.10.10"]
[SourceQuality "1"]

1. d4 d5 2. c4 e6 3. Nc3 Nf6 4. Bg5 Bb4 5. a3 Be7 6. e3 h6 7. Bxf6 Bxf6 8. Nf3 Nc6 9. b4 dxc4 10. Bxc4 e5 11. dxe5 Qxd1+ 12. Rxd1 Nxe5 13. Nxe5 Bxe5 14. Rc1 a6 15. 0-0 0-0 16. f4 Bf6 17. Nd5 Bd8 18. Bb3 c6 19. Nc3 Bb6 20. Rf3 Re8 21. Re1 Re7 22. Kh1 Bd7 23. e4 Bf5 24. e5 Kf8 1/2-1/2

[Event "Bad Soden U14 op"]
[Site "Bad Soden"]
[Date "2017.10.01"]
[Round "3"]
[White "Haller, Christian"]
[Black "Lassek, Bjarne"]
[Result "1-0"]
[WhiteElo "1047"]
[BlackElo "731"]
[PlyCount "81"]
[EventDate "2017.09.30"]
[EventType "swiss"]
[EventRounds "9"]
[EventCountry "GER"]
[SourceTitle "EXT 2019"]
[Source "ChessBase"]
[SourceDate "2018.10.10"]
[SourceVersion "1"]
[SourceVersionDate "2018.10.10"]
[SourceQuality "1"]

1. e4 e5 2. Nf3 Nc6 3. Bc4 Bc5 4. c3 Nf6 5. d4 exd4 6. cxd4 Bb4+ 7. Bd2 Bxd2+ 8. Nbxd2 d5 9. exd5 Nxd5 10. 0-0 Be6 11. Re1 Qf6 12. Bxd5 Rd8 13. Bxe6 fxe6 14. Nb3 e5 15. Rc1 Kf7 16. d5 Nd4 17. Nxe5+ Kg8 18. Qxd4 c6 19. Ng4 Qg5 20. h3 h6 21. Qxa7 cxd5 22. Qxb7 d4 23. Rc8 d3 24. Rxd8+ Qxd8 25. Rd1 Kh7 26. Qe4+ g6 27. Qxd3 Qxd3 28. Rxd3 Ra8 29. a3 Re8 30. Nf6+ Kg7 31. Nxe8+ Kf7 32. Nd6+ Kf6 33. a4 h5 34. a5 h4 35. a6 g5 36. a7 g4 37. a8Q g3 38. Qf8+ Kg6 39. Qf7+ Kg5 40. Rd5+ Kh6 41. Rh5# 1-0

[Event "Frankfurt-chB"]
[Site "Frankfurt"]
[Date "2016.05.30"]
[Round "5"]
[White "Landvoigt, Martin"]
[Black "Lassek, Bjarne"]
[Result "1-0"]
[WhiteElo "1155"]
[BlackElo "737"]
[PlyCount "81"]
[EventDate "2016.04.25"]
[EventType "swiss"]
[EventRounds "9"]
[EventCountry "GER"]
[SourceTitle "EXT 2018"]
[Source "ChessBase"]
[SourceDate "2017.10.13"]
[SourceVersion "1"]
[SourceVersionDate "2017.10.13"]
[SourceQuality "1"]

1. f4 d5 2. Nf3 Bf5 3. d3 e6 4. e3 Bb4+ 5. Nbd2 Nc6 6. a3 Bc5 7. Nb3 Bb6 8. Be2 Nf6 9. Nbd4 Ne7 10. 0-0 0-0 11. Kh1 h6 12. Bd2 c5 13. Nb3 Nc6 14. Ne5 c4 15. Nxc6 bxc6 16. Nd4 Bg6 17. Nxc6 Qd6 18. Ne5 Bf5 19. Bb4 Qc7 20. Bxf8 Rxf8 21. d4 c3 22. b3 a5 23. a4 h5 24. Bd3 Ng4 25. Bxf5 exf5 26. Qd3 Kh7 27. Qxf5+ g6 28. Qd3 Nf6 29. f5 Ne4 30. fxg6+ fxg6 31. Rxf8 Ba7 32. Raf1 Kh6 33. R1f7 Qd6 34. Rf6 Qe7 35. Rxg6+ Kh7 36. Rff6 Nxf6 37. Rxf6+ Kg8 38. Qg6+ Qg7 39. Qe8+ Qf8 40. Qxf8+ Kh7 41. Rh6# 1-0

[Event "Frankfurt-chB"]
[Site "Frankfurt"]
[Date "2016.05.02"]
[Round "2"]
[White "Lassek, Bjarne"]
[Black "Haardt, Oliver"]
[Result "1-0"]
[WhiteElo "737"]
[BlackElo "1152"]
[PlyCount "91"]
[EventDate "2016.04.25"]
[EventType "swiss"]
[EventRounds "9"]
[EventCountry "GER"]
[SourceTitle "EXT 2018"]
[Source "ChessBase"]
[SourceDate "2017.10.13"]
[SourceVersion "1"]
[SourceVersionDate "2017.10.13"]
[SourceQuality "1"]

1. e4 b6 2. Bc4 Bb7 3. Nc3 Nc6 4. Nf3 Nf6 5. Ng5 e6 6. 0-0 Bc5 7. e5 Nd5 8. Nce4 f5 9. Nxc5 bxc5 10. b3 Qxg5 11. d4 Qe7 12. Ba3 d6 13. Bb5 a6 14. Ba4 0-0 15. Rc1 cxd4 16. exd6 cxd6 17. b4 Nc3 18. Qd3 Nxa4 19. Rce1 Qh4 20. b5 Ne5 21. Qb3 Nc5 22. Bxc5 dxc5 23. Qxe6+ Nf7 24. Re5 Qg5 25. f3 Rae8 26. Qxe8 Nxe5 27. Qxe5 axb5 28. Qxc5 Qe3+ 29. Rf2 Ba6 30. Qb6 Rf6 31. Qd8+ Kf7 32. h4 Kg6 33. Qa5 Rc6 34. Qd2 Kh5 35. Kh2 Kxh4 36. Re2 Qg5 37. f4 Qg3+ 38. Kg1 b4 39. Qe1 Bxe2 40. Qxe2 Qxf4 41. Qe7+ g5 42. Qf7 Qc1+ 43. Kh2 Qf4+ 44. Kg1 Rxc2 45. Qxh7+ Kg3 46. Qh3# 1-0